000 01451nam a22003497a 4500
003 OSt
005 20230608102211.0
008 221006b |||||||| |||| 00| 0 eng d
040 _cBiblioteca Lado V
082 _a800
_bC823f
100 _9848
_aCorrales Arias, Adriano
_edirector
245 _aFronteras/
260 _aInstituto Tecnológico de Costa Rica
_c2003
_bCosta Rica
300 _c21.5x31cm
_a60p.
366 _espa
490 _a12
_v2003
_x1409-0236
505 _tEDITORIAL
505 _tTertulia
_aEntrevista a Ray Tico
505 _tReflexiones
_aEl héroe nacional costarricense: de Juan Santamaria a Frankling Chang El Ojo de Circe El libro que ya no se escribió Retrospectiva del lenguaje audiovisual
505 _tComunidades
_aCompletamente Inmaculada La ceremonia del mapache Sobre Cuentos de San Jose Oculto
505 _tTrapiche
_aPoesia Cuento
505 _tADUANA
505 _tA la tica
_aHomenaje a Francisco "Chico" Zuñiga
650 _2Tesauro de Arte & Arquitectura
_aLITERATURA
_9703
650 _2Tesauro de Arte & Arquitectura
_aNARRATIVA
_9702
650 _2Tesauro de Arte & Arquitectura
_aCUENTO
_9702
650 _2Tesauro de Arte & Arquitectura
_aPOESIA
650 _2Tesauro de Arte & Arquitectura
_aCOSTA RICA
650 _2Tesauro de Arte & Arquitectura
_aCULTURA
700 _aNavarreta, Jose Antonio
_eeditor
942 _2ddc
_c1
_h800
_iC823f
_n0
999 _c3822
_d3822